00843nam a2200229 a 4500008004100000020001500041020001500056050001700071100001800088245005000106260005000156300002300206350000900229490004100238500001800279650003200297650001400329700002400343995009600367999001700463952013300480060316s1978 ||||||||||||||||| || u a0521213487 a0521291186 aHT148.W4 Gug aGugler, Josef10aUrbanization and social change in West Africa aCambridge :bCambridge University Pressc1978 axiv, 235 p. : ill. a0.00 aUrbanazation in developing countries aBibliography: aURBANIZATION - AFRICA, WEST aTEXTBOOKS aFlanagan, William G D0.00FCBU-MAIN LIBRARY (Kitwe)H1I28.15M1UAVAILABLEZMain Library Open Access Collection c61090d61090 00102lcc4070a001b001cMain Library Open Access Collectiond2022-11-30l0oHT148.W4 Gugp008636r2022-11-30w2022-11-30y002